000 00285nam a2200097Ia 4500
008 231107s2005 xx 000 0 und d
041 _aeng
100 _aDwivedi Sharada
245 _aA City Legacy : The Indian Navy,s Heritage in Mumbai
260 _aMumbai
_bEminence Design Limited
_c2005
999 _c930620
_d930620